Table of sines and cosines to ten decimal places at thousandths of a degree /

Guardado en:
Autor Principal: Salzer, Herbert E.
Otros Autores: Levine, Norman.
Formato: Libro
Idioma:English
Publicado: New York : Pergamon Press, c1962.
Etiquetas: Agregar Etiqueta
Sin Etiquetas, Sea el primero en etiquetar este registro!
LEADER 00558nam a22001575a 4500
001 MAT.inmabb001377
008 031124s1962####nyu###########000#0#eng#d
005 20170815152157.0
245 1 0 |a Table of sines and cosines to ten decimal places at thousandths of a degree /  |c by Herbert E. Salzer and Norman Levine. 
260 |a New York :  |b Pergamon Press,  |c c1962. 
300 |a xiv p. (aprox. 900 p. sin numerar) ;  |c 23 cm. 
510 4 |a MR,  |c 26 #361 
100 1 |a Salzer, Herbert E. 
700 1 |a Levine, Norman. 
084 |a 33.10  |2 MR 
859 |h 33  |i Sa186  |p A-1623  |b BIB. MATEMATICA